00686nam a2200193Ii 4500001000400000003000900004008004100013020001500054040003300069041000800102082001700110100001700127245019300144264006200337300001200399336002600411337002800437338002700465142CO-ViMGA241108s9999||||xx |||||||||||||| ||und|| a8425335205 aCO-ViMGAbspaerdacCO-ViMGA0 aspa04aR 646.2 W55e1 aDorothy Wood10aEnciclopedia práctica de la costura :bdesde el instrumental básico y las puntadas más comunes hasta las más complejas técnicas de bordado : todos los secretos de un arte secular 1a[Lugar de publicación no identificado] : Grijalbo, 2000 avolumen atextbtxt2rdacontent aunmediatedbn2rdamedia avolumebnc2rdacarrier